Vince Gilligan Filmography - Statistics

General Stats
  • This quiz has been taken 10 times
    6 since last reset
  • The average score is 17 of 49
Answer Stats
Type Year Name % Correct
TV Show Director 2015-2022 Better Call Saul
100%
TV Show Creator 2015-2022 Better Call Saul
100%
TV Show Writer 2015-2022 Better Call Saul
100%
TV Show Production 2015-2022 Better Call Saul
100%
TV Show Director 2008-2013 Breaking Bad
100%
TV Show Creator 2008-2013 Breaking Bad
100%
TV Show Writer 2008-2013 Breaking Bad
100%
TV Show Production 2008-2013 Breaking Bad
100%
Web Series Director 2025 Pluribus
100%
Web Series Writer 2025-2026 Pluribus
100%
Web Series Production 2025-2026 Pluribus
100%
Film Director 2019 El Camino
80%
Film Screenplay 2019 El Camino
80%
Film Production 2019 El Camino
80%
TV Show Writer 1995-2002 The X-Files
60%
TV Show Production 1996-2002 The X-Files
60%
TV Show Director 2000, 2002 The X-Files
60%
TV Show Appearance 2013 Talking Bad
40%
TV Show Cameo 2014 Community
20%
Film Screenplay 2008 Hancock
20%
TV Show Appearance 2013, 2015 MythBusters
20%
TV Show Creator 2001 The Lone Gunmen
20%
TV Show Writer 2001 The Lone Gunmen
20%
TV Show Production 2001 The Lone Gunmen
20%
TV Show Cameo 2018 American Dad!
0%
TV Pilot 2007 A.M.P.E.D.
0%
TV Show Creator 2015 Battle Creek
0%
TV Show Writer 2015 Battle Creek
0%
TV Show Production 2015 Battle Creek
0%
Web Mini-Series Production 2020 Better Call Saul: Ethics Training with Kim Wexler
0%
Web Mini-Series Production 2022 Better Call Saul: Filmmaker Training
0%
Web Mini-Series Production 2017 Better Call Saul: Los Pollos Hermanos Employee Training
0%
Web Mini-Series Production 2018 Better Call Saul: Madrigal Electromotive Security Training
0%
Short Film Production 2013 Breaking Bad: Breaking Ice
0%
TV Show Cameo 2015 Comedy Bang! Bang!
0%
TV Show Production 1999-2000 Harsh Realm
0%
Film Screenplay 1998 Home Fries
0%
TV Show Appearance 2015-2016 Jeopardy!
0%
TV Show Cameo 2024, 2025 Krapopolis
0%
TV Show Creator 2014 Metástasis
0%
TV Show Writer 2014 Metástasis
0%
TV Show Appearance 2019 MythBusters Jr.
0%
TV Show Writer 2006 Night Stalker
0%
TV Show Cameo 2017 Penn Zero: Part-Time Hero
0%
Commercial Director 2023 PopCorners
0%
TV Show Writer 2002 Robbery Homicide Division
0%
TV Show Appearance 2016-2017, 2022 Talking Saul
0%
TV Show Appearance 2019 What Just Happened??!
0%
Film Screenplay 1993 Wilder Napalm
0%
No matching quizzes found
Score Distribution
Percent of People with Each Score
Percentile by Number Answered
Your Score History
You have not taken this quiz since the last reset